<?xml version="1.0" encoding="UTF-8"?>
<record
    xmlns:xsi="http://www.w3.org/2001/XMLSchema-instance"
    xsi:schemaLocation="http://www.loc.gov/MARC21/slim http://www.loc.gov/standards/marcxml/schema/MARC21slim.xsd"
    xmlns="http://www.loc.gov/MARC21/slim">

  <leader>01404nam a2200289 i 4500</leader>
  <controlfield tag="001">46399</controlfield>
  <controlfield tag="003">ES-MaACL</controlfield>
  <controlfield tag="005">20230906161357.0</controlfield>
  <controlfield tag="007">t|</controlfield>
  <controlfield tag="008">030328s1948    sp           ||||1| spa d</controlfield>
  <datafield tag="245" ind1="0" ind2="0">
    <subfield code="a">Conferencias del ciclo Orientaciones para una mejora ganadera.</subfield>
  </datafield>
  <datafield tag="260" ind1=" " ind2=" ">
    <subfield code="a">Palma de Mallorca : </subfield>
    <subfield code="b">[s.n., </subfield>
    <subfield code="c">1948]</subfield>
  </datafield>
  <datafield tag="300" ind1=" " ind2=" ">
    <subfield code="a">107 p. ; </subfield>
    <subfield code="c">21 cm.</subfield>
  </datafield>
  <datafield tag="505" ind1="8" ind2=" ">
    <subfield code="a">Contiene: La ganader&#xED;a y las necesidades de la sociedad actual / por Luis Mar&#xED;a Pomar y Pomar. Zooprofilaxis ganadera / por Ram&#xF3;n Aguil&#xF3; Mercader. El ganado bovino de las Baleares / por Juan Jaume. El control de la producci&#xF3;n animal / por Andr&#xE9;s Torrens Pastor. La fecuncaci&#xF3;n artificial ganadera y su repercusi&#xF3;n en la econom&#xED;a de los pueblos / por Hern&#xE1;n Ferr&#xE9; Renna</subfield>
  </datafield>
  <datafield tag="700" ind1="1" ind2=" ">
    <subfield code="a">Pomar y Pomar, Luis.</subfield>
    <subfield code="9">92899</subfield>
  </datafield>
  <datafield tag="700" ind1="1" ind2=" ">
    <subfield code="a">Aguil&#xF3; Mercader, Ram&#xF3;n.</subfield>
    <subfield code="9">18797</subfield>
  </datafield>
  <datafield tag="700" ind1="1" ind2=" ">
    <subfield code="a">Jaume, Juan.</subfield>
    <subfield code="9">66178</subfield>
  </datafield>
  <datafield tag="700" ind1="1" ind2=" ">
    <subfield code="a">Torrens Pastor, Andr&#xE9;s.</subfield>
    <subfield code="9">110827</subfield>
  </datafield>
  <datafield tag="700" ind1="1" ind2=" ">
    <subfield code="a">Ferr&#xE9; Renna, Hern&#xE1;n.</subfield>
    <subfield code="9">50363</subfield>
  </datafield>
  <datafield tag="710" ind1="2" ind2=" ">
    <subfield code="a">Colegio Oficial de Veterinarios de Baleares.</subfield>
    <subfield code="9">2981</subfield>
  </datafield>
  <datafield tag="740" ind1="3" ind2=" ">
    <subfield code="a">La ganader&#xED;a y las necesidades de la sociedad actual.</subfield>
  </datafield>
  <datafield tag="740" ind1="0" ind2=" ">
    <subfield code="a">Zooprofilaxis ganadera.</subfield>
  </datafield>
  <datafield tag="740" ind1="3" ind2=" ">
    <subfield code="a">El ganado bovino de las Baleares.</subfield>
  </datafield>
  <datafield tag="740" ind1="3" ind2=" ">
    <subfield code="a">El control de la producci&#xF3;n animal.</subfield>
  </datafield>
  <datafield tag="740" ind1="3" ind2=" ">
    <subfield code="a">La fecundaci&#xF3;n artificial ganadera y su repercusi&#xF3;n en la econom&#xED;a e los pueblos.</subfield>
  </datafield>
  <datafield tag="852" ind1=" " ind2=" ">
    <subfield code="a">ES-MaACL</subfield>
    <subfield code="j">1903-F-8 </subfield>
    <subfield code="b">R.28461</subfield>
  </datafield>
  <datafield tag="999" ind1=" " ind2=" ">
    <subfield code="c">46399</subfield>
    <subfield code="d">46399</subfield>
  </datafield>
  <datafield tag="952" ind1=" " ind2=" ">
    <subfield code="0">0</subfield>
    <subfield code="1">0</subfield>
    <subfield code="4">0</subfield>
    <subfield code="7">0</subfield>
    <subfield code="8">Colecci&#xF3;n_de_folletos</subfield>
    <subfield code="a">ATENEOM</subfield>
    <subfield code="b">ATENEOM</subfield>
    <subfield code="c">DEPOF</subfield>
    <subfield code="d">2008-01-17</subfield>
    <subfield code="e">SC</subfield>
    <subfield code="l">0</subfield>
    <subfield code="o">1903-F-8</subfield>
    <subfield code="p">1048799</subfield>
    <subfield code="r">2023-02-23 00:00:00</subfield>
    <subfield code="w">2023-02-23</subfield>
    <subfield code="y">FOLLETOS</subfield>
  </datafield>
</record>
